00552nam a2200181 a 45000010010000000030011000100080041000210350026000620820015000881000021001032450044001242600053001686500011002219420012002329520091002449980020003359990015003550000-8497ELIB.Books110520 2004  a(ELIB.Books)0000-8642 aB.Th bSke aSkeeter Win, Naw aThe Title of Jesus in the Fourth Gospel bInsein: Karen Baptist Theolgical Seminary c2004 aThesis 2ddccBK 00102ddc4070aKBTSbKBTSd2011-05-20l0p30175r2022-01-22 00:00:00w2022-01-22yBK cbate2011-05-20 c8497d8497